Villes de France en E - Statistiques

Statistiques générales
  • Ce quiz a été pris 93 fois
  • Le résultat moyen est 3 sur 10
Statistiques - réponses
Population Ville % Correct
47K Évreux
80%
70K Évry-Courcouronnes
78%
26K Étampes
30%
37K Échirolles
29%
22K Épernay
22%
56K Épinay-sur-Seine
20%
26K Élancourt
18%
25K Eaubonne
12%
29K Ermont
11%
25K Eysines
9%
Aucun quiz correspondant
Distribution des résultats
% des personnes avec chaque résultat
Percentile par nombre de réponses
Votre historique - résultats
Vous n’avez pas pris ce quiz